00337nam a2200133Ia 4500008004100000041000800041082001400049100003000063245002700093250000800120260004700128300000600175650002200181230711s9999||||xx |||||||||||||| ||und|| aENG a624bBU-I aBureau of Indian Standard 0aIS : 2720 Pt VIII 1983 a1st c1994aNew DelhibBureau of Indian Standard a9 aCivil Engineering